| 000 | 00000nam##2200000za#4500 |
| 001 | 9.642322 |
| 003 | CaOODSP |
| 005 | 20210624223638 |
| 007 | cr ||||||||||| |
| 008 | 150407|2002||||xxc|||||o f|0| 0 fre|d |
| 040 | |aCaOODSP|bfre |
| 043 | |an-cn--- |
| 086 | 1 |aRH64-11/2001F-PDF |
| 110 | 1 |aCanada.|bDéveloppement des ressources humaines Canada. |bDirection générale de la recherche appliquée. |
| 245 | 10|aRésultats de l'enquête sur le travail indépendant au Canada / |h[ressource électronique]|cpréparé par Benoit Delage. |
| 260 | |aHull - Québec : |bDéveloppement des ressources humaines Canada. |cJanvier 2002. |
| 300 | |a117p.|bgraphiques |
| 500 | |aLe n° de catalogue (RH64-12/2001F) et ISBN (0-662-86594-4) imprimés dans cette publication sont incorrects. |
| 504 | |aBibliographie. |
| 590 | |a13-18-Supp|b2013-08-01 |
| 691 | 07|aEnquête|2gcpds |
| 691 | 07|aEmploi autonome|2gcpds |
| 720 | 1 |aDelage, Benoit |
| 775 | 08|tResults from the survey of self-employment in Canada / |w(CaOODSP)9.698310 |
| 776 | 0#|tRésultats de l'Enquête sur le travail indépendant au Canada / |w(CaOODSP)9.681714 |
| 856 | 40|ahttp://publications.gc.ca|qPDF|s2.42 Mo|uhttps://publications.gc.ca/collections/Collection/RH64-11-2001F.pdf |
| 986 | |aSP-465-01-02F |